Puntos de encuentro familiar : el derecho a vivir en familia : discurso y efectividad /

Texto sobre el derecho de niños y adolescentes de padres separados a tener un núcleo familiar sólido, independientemente de la separación. En ese marco, los llamados puntos de encuentro familiar, operan como espacios para que puedan relacionarse con ambos padres, con el apoyo de un equipo de profesi...

Descripción completa

Guardado en:
Detalles Bibliográficos
Autor principal: Ballarin, Silvana (autor)
Otros autores: Bacigalupo de Girard, María (prólogo) (prólogo)
Formato: Libro
Idioma:Español
Publicado: Mar del Plata, Argentina : Universidad Nacional de Mar del Plata, 2012, c2012
Temas:
Etiquetas: Agrega una etiqueta
Sin etiquetas, Sé el primero en etiquetar este registro!

MARC

LEADER 00000nam^a2200000^a^4500
001 000338782
005 20250521000000.0
008 140221 20122012
009 20260310114407.175
020 |a 978-987-1921-04-1 
037 |a Acervo ITESO - Biblioteca 
041 |a ESP 
082 |a 346. 8201351  |b BAL 
100 |a Ballarin, Silvana  |e (autor) 
245 1 0 |a Puntos de encuentro familiar :  |b el derecho a vivir en familia : discurso y efectividad /  |c S. Ballarin ; pról. de M. Bacigalupo de Girard. 
264 4 |a Mar del Plata, Argentina :  |b Universidad Nacional de Mar del Plata,  |c 2012, c2012 
300 |a 255 p. 
336 |a texto  |b txt  |2 rdacontenido 
337 |a sin mediación  |b n  |2 rdamedio 
338 |a volumen  |b nc  |2 rdasoporte 
520 |a Texto sobre el derecho de niños y adolescentes de padres separados a tener un núcleo familiar sólido, independientemente de la separación. En ese marco, los llamados puntos de encuentro familiar, operan como espacios para que puedan relacionarse con ambos padres, con el apoyo de un equipo de profesionales. El libro ofrece la fundamentación jurídica del asunto y presenta un panorama sobre el trabajo desarrollado en esta línea en Europa y Argentina 
649 |a XX 
650 |a Niños -  |z Argentina -  |x Condiciones Jurídicas 
650 |a Niños -  |x Condiciones Jurídicas 
650 |a Adolescentes -  |z Argentina -  |x Condiciones Jurídicas 
650 |a Adolescentes -  |x Condiciones Jurídicas 
650 |a Derecho a la Familia -  |z Argentina -  |x Tema Principal 
650 |a Derecho a la Familia -  |x Tema Principal 
650 |a Derecho de Familia -  |z Argentina 
650 |a Derecho de Familia 
650 |a Derecho Civil -  |z Argentina 
650 |a Derecho Civil 
650 |a Derechos Humanos -  |z Argentina 
650 |a Derechos Humanos 
650 |a Derecho Privado -  |z Argentina 
650 |a Derecho Privado 
700 |a Bacigalupo de Girard, María  |e (prólogo) 
910 |a Fondo General 
920 |a Impresos - Libros 
930 |a Colección General 
905 |a 101 
901 |a 0500228720  |b IT1  |c ACC  |i C139002  |u 20250521 
902 |a https://opac.biblio.iteso.mx/vufind/Record/000338782